000 00984nam a2200265Ia 4500
003 OSt
005 20221005103423.0
006 a|||||r|||| 00| 0
007 ta
008 221004b |||||||| |||| 00| 0 hin d
020 _a9788180811313 (hbk)
_c350
024 _a21841
037 _b87, 09/02/2015, Mallika Books
_cTextual
040 _aCRL
_cCRL
_bhin
041 _2hin
_ahin
082 _aO152,3N32:g, Q3
100 _aगुप्त, अशोक कुमार
245 0 _aकमलेश्वर का उपन्यास साहित्य
246 _aKamaleshvar kā upanyās sāhitya
260 _aजयपुर
_bनेशनल पब्लिशिंग हाउस भारत
_c2013
300 _a180पृ0
_ccm.
650 _aहिन्दी साहित्य
942 _hO152,3N32:g, Q3
_cTEXL
_2cc
999 _c1010054
_d1010054